A tantermi előadás gyakorlata
Elmentve itt :
| Szerző: | |
|---|---|
| Dokumentumtípus: | Könyv |
| Kulcsszavak: | orvostudomány oktatás orvosképzés |
| Tárgyszavak: | |
| Online Access: | http://eta.bibl.u-szeged.hu/1084 |
| LEADER | 00886nnm a2200241 i 4500 | ||
|---|---|---|---|
| 001 | eta1084 | ||
| 005 | 20190424094843.0 | ||
| 008 | 181123suuuu hu o 0|| hun d | ||
| 040 | |a SZTE Elektronikus Tananyag Archívum |b hun | ||
| 041 | |a hun | ||
| 100 | 1 | |a Pórszász Róbert | |
| 245 | 1 | 2 | |a A tantermi előadás gyakorlata |h [elektronikus dokumentum] / |c Pórszász Róbert |
| 300 | |a 21 | ||
| 516 | |a Book | ||
| 650 | 4 | |a Orvos- és egészségtudomány | |
| 650 | 4 | |a Társadalomtudományok | |
| 650 | 4 | |a Oktatástudomány | |
| 695 | |a orvostudomány | ||
| 695 | |a oktatás | ||
| 695 | |a orvosképzés | ||
| 856 | 4 | 0 | |u https://eta.bibl.u-szeged.hu/1084/1/06_porszasz_robert.pdf |z Dokumentum-elérés |
| 856 | 4 | 0 | |u https://eta.bibl.u-szeged.hu/1084/2/06_porszasz_robert.mpg |z Dokumentum-elérés |
| 856 | 4 | 0 | |u https://eta.bibl.u-szeged.hu/1084/8/porszasz_robert_bemutatkozas.mpg |z Dokumentum-elérés |